Necesidades y limitaciones de la infraestructura básica en la ciudad de San Isidro de Pérez Zeledón
محفوظ في:
| المؤلف الرئيسي: | |
|---|---|
| التنسيق: | كتاب |
| منشور في: |
San José, C.R.
2001
|
| الموضوعات: | |
| الوسوم: |
إضافة وسم
لا توجد وسوم, كن أول من يضع وسما على هذه التسجيلة!
|
MARC
| LEADER | 00000nam a2200000Ia 4500 | ||
|---|---|---|---|
| 003 | 008770 | ||
| 005 | 20221231144201.0 | ||
| 008 | 140114s2001 cr a m 000 ||s d | ||
| 040 | |c cru CEDI | ||
| 090 | |a TFG 4341 | ||
| 100 | |a Chaves Garro, Ismael Arturo |9 7734 | ||
| 245 | |a Necesidades y limitaciones de la infraestructura básica en la ciudad de San Isidro de Pérez Zeledón | ||
| 260 | |c 2001 |a San José, C.R. | ||
| 300 | |a viii, 1 volumen (en varias paginaciones) : ilustraciones a color, mapas ilustraciones (algunas plegables,) | ||
| 500 | |a Proyecto de graduación (licenciatura en ingeniería civil)--Universidad de Costa Rica. Facultad de Ingeniería. Escuela de Ingeniería Civil | ||
| 650 | |x URBANISMO |x INFRAESTRUCTURA (ECONOMIA) |x TRANSPORTE URBANO |x SAN ISIDRO DE EL GENERAL (PEREZ ZELEDON, SAN JOSE, COSTA RICA) |9 7736 | ||
| 942 | |c TFG | ||
| 999 | |c 18097 |d 18097 | ||
